নলেজপিডিয়া / (Record no. 12886)
[ view plain ]
| 000 -LEADER | |
|---|---|
| fixed length control field | 00705nam a2200217 a 4500 |
| 001 - CONTROL NUMBER | |
| JCCL Control Number | 12886 |
| 003 - CONTROL NUMBER IDENTIFIER | |
| JCCL marc code | BD-JhCC |
| 005 - DATE AND TIME OF LATEST TRANSACTION | |
| control field | 20230531123121.0 |
| 008 - FIXED-LENGTH DATA ELEMENTS--GENERAL INFORMATION | |
| fixed length control field | 230531s2020 b a|||| |||| 000 0 b d |
| 020 ## - INTERNATIONAL STANDARD BOOK NUMBER | |
| International Standard Book Number | 9789849437109 |
| 035 ## - SYSTEM CONTROL NUMBER | |
| system control number | (BD-JhCC)12886 |
| 040 ## - CATALOGING SOURCE | |
| Original cataloging agency | BD-JhCC |
| Modifying agency | BD-JhCC |
| 041 ## - LANGUAGE CODE | |
| Language code of Book | ben |
| 082 ## - DEWEY DECIMAL CLASSIFICATION NUMBER | |
| Classification number | 001 |
| Author mark and Year | ROY 2020 |
| 100 ## - MAIN ENTRY--PERSONAL NAME | |
| Personal name | রায়, ভবেশ |
| 245 ## - TITLE STATEMENT | |
| Title | নলেজপিডিয়া / |
| Statement of responsibility, etc | ভবেশ রায় |
| 260 ## - PUBLICATION, DISTRIBUTION, ETC. (IMPRINT) | |
| Place of publication, distribution, etc | ঢাকা : |
| Name of publisher, distributor, etc | অনুপম প্রকাশনী, |
| Date of publication, distribution, etc | ২০২০ |
| 300 ## - PHYSICAL DESCRIPTION | |
| Pagination | খন্ড ০১-০৪ |
| Other physical details | চিত্রাবলী সংযোজিত, |
| Dimensions | ২২ সেমি. |
| 650 ## - SUBJECT ADDED ENTRY--TOPICAL TERM | |
| Topical term or geographic name as entry element | General Knowledge |
| 942 ## - ADDED ENTRY ELEMENTS (KOHA) | |
| Source of classification or shelving scheme | Dewey Decimal Classification |
| Koha item type | Books |
| Source of classification or shelving scheme | volume number | Damaged status | Not for loan | Home library | Current library | Shelving location | Date of accession | Cost, normal purchase price | Full call number | Barcode | Date last seen | Copy number | Method of acquisition | Koha item type | Currency | Total Checkouts | Date checked out |
|---|---|---|---|---|---|---|---|---|---|---|---|---|---|---|---|---|---|
| Dewey Decimal Classification | V-3 | JCC Rouf Library | JCC Rouf Library | General Stacks | 05/31/2023 | 387.00 | 001 ROY 2020 | 18079 | 05/31/2023 | C-1 | Purchase | Books | BDT | ||||
| Dewey Decimal Classification | V-1 | JCC Rouf Library | JCC Rouf Library | General Stacks | 05/31/2023 | 387.00 | 001 ROY 2018 | 18077 | 02/29/2024 | C-1 | Purchase | Books | BDT | 1 | 02/15/2024 | ||
| Dewey Decimal Classification | V-2 | JCC Rouf Library | JCC Rouf Library | General Stacks | 05/31/2023 | 387.00 | 001 ROY 2018 | 18078 | 05/31/2023 | C-1 | Purchase | Books | BDT | ||||
| Dewey Decimal Classification | V-4 | JCC Rouf Library | JCC Rouf Library | General Stacks | 05/31/2023 | 387.00 | 001 ROY 2018 | 18080 | 05/31/2023 | C-1 | Purchase | Books | BDT |